000 00676cam a2200181 4500
001 WB3636-22
008 000000n 000 0 eng u
035 _a(Sirsi) u108320
245 _aFatal detraction
260 _aEstates Gazette
_v (0036) 9 September 2000, 163(1)
520 _aDiscusses the recent court ruling in Petra Investments Ltd v Jeffrey Rogers plc, which provides landlords and tenants with further guidance on the scope of the doctrine of non-derogation from grant.
590 _aWB
650 _aPETRA INVESTMENTS LTD V JEFFREY ROGERS PLC
650 _aNON-DEROGATION FROM GRANT
650 _aLEASES
690 _aLANDLORD AND TENANT-LEASES
942 _n0
999 _c64665
_d64665